[Event "Assisi op-B 5th"]
[Site "Assisi"]
[Date "2010.12.17"]
[Round "2"]
[White "Sorbelli, Massimo"]
[Black "Malek, Dellair"]
[Result "1/2-1/2"]
[WhiteElo "1899"]
[BlackElo "2122"]
[PlyCount "51"]
[EventDate "2010.12.17"]
[EventType "swiss"]
[EventRounds "5"]
[EventCountry "ITA"]
[SourceTitle "EXT 2024"]
[Source "ChessBase"]
[SourceDate "2023.10.10"]
[SourceVersion "1"]
[SourceVersionDate "2023.10.10"]
[SourceQuality "1"]

1. d4 d5 2. Bf4 Nf6 3. Nd2 g6 4. Ngf3 Bg7 5. h3 0-0 6. e3 c5 7. c3 cxd4 8. cxd4 Nc6 9. Rc1 Nd7 10. Be2 Qa5 11. a3 e5 12. dxe5 Ndxe5 13. Nxe5 Nxe5 14. 0-0 Qb6 15. b4 a5 16. b5 a4 17. Nb1 Be6 18. Qd2 Rfd8 19. Qb4 Bf8 20. Qd4 Qxd4 21. exd4 Nc4 22. Rc3 Rac8 23. Rfc1 Bg7 24. Be3 Ra8 25. Bxc4 dxc4 26. Nd2 1/2-1/2

[Event "Assisi op-B 4th"]
[Site "Assisi"]
[Date "2008.12.21"]
[Round "4"]
[White "Cesarini, Leopoldo"]
[Black "Sorbelli, Massimo"]
[Result "1-0"]
[WhiteElo "1920"]
[BlackElo "1929"]
[PlyCount "120"]
[EventDate "2008.12.20"]
[EventType "swiss"]
[EventRounds "7"]
[EventCountry "ITA"]
[SourceTitle "EXT 2011"]
[Source "ChessBase"]
[SourceDate "2010.11.26"]
[SourceVersion "1"]
[SourceVersionDate "2010.11.26"]
[SourceQuality "1"]

1. Nf3 Nf6 2. d4 d5 3. b3 g6 4. Nbd2 Bg7 5. e3 Nbd7 6. Bd3 c5 7. Bb2 0-0 8. 0-0 Re8 9. Bb5 a6 10. Bxd7 Nxd7 11. c4 cxd4 12. exd4 e6 13. Qc2 b6 14. cxd5 exd5 15. Rfe1 Rxe1+ 16. Rxe1 Bb7 17. Qd3 Rc8 18. Nf1 Rc6 19. Ne3 Nf8 20. Ng4 f6 21. Ne3 b5 22. h4 Ne6 23. g3 Qd7 24. Kg2 Bc8 25. Rh1 Nf8 26. h5 g5 27. h6 Bh8 28. Qd2 Ng6 29. Nc2 a5 30. Nce1 b4 31. Nd3 Re6 32. Nc5 Qc6 33. Nxe6 Qxe6 34. Qe3 Qd7 35. Ne1 Ne7 36. Nd3 Kf7 37. Nc5 Qd6 38. Re1 g4 39. a3 f5 40. axb4 axb4 41. Nd3 Bf6 42. Ne5+ Kf8 43. Ra1 Qc7 44. Rc1 Qd6 45. Qf4 Ke8 46. Re1 Qb6 47. Qc1 Bb7 48. Kg1 Kd8 49. Qc2 Bxe5 50. Rxe5 Qxh6 51. Bc1 Qf6 52. Qc5 h5 53. Qxb4 Bc8 54. Qa5+ Kd7 55. Qb5+ Kc7 56. Bd2 Nc6 57. Rxd5 Bb7 58. Bf4+ Kc8 59. Rd6 Qf7 60. Rxc6+ Bxc6 1-0

[Event "ITA-ch qual"]
[Site "Saint Vincent"]
[Date "2008.07.27"]
[Round "9"]
[White "Sorbelli, Massimo"]
[Black "Della Penna, Vincenzo"]
[Result "1-0"]
[WhiteElo "1961"]
[BlackElo "1834"]
[PlyCount "131"]
[EventDate "2008.07.19"]
[EventType "swiss"]
[EventRounds "9"]
[EventCountry "ITA"]
[SourceTitle "EXT 2009"]
[Source "ChessBase"]
[SourceDate "2008.11.26"]
[SourceVersion "1"]
[SourceVersionDate "2008.11.26"]
[SourceQuality "1"]

1. d4 Nf6 2. c4 d6 3. Nc3 g6 4. g3 Bg7 5. Bg2 0-0 6. e4 e5 7. Nge2 Nc6 8. d5 Ne7 9. b4 Nd7 10. 0-0 f5 11. Rb1 h6 12. Qb3 Kh8 13. f4 b6 14. Be3 Nf6 15. fxe5 Ng4 16. Bd2 Nxe5 17. Nf4 Rf6 18. Ne6 Bxe6 19. dxe6 c6 20. exf5 Nxf5 21. Ne2 Qe7 22. b5 Rc8 23. bxc6 Nxc6 24. Bd5 Nfd4 25. Qd3 Nxe6 26. Rxf6 Qxf6 27. Rf1 Nc5 28. Rxf6 Nxd3 29. Rxg6 Ne7 30. Rxd6 Nxd5 31. Rxd5 Ne5 32. Bc3 Nf3+ 33. Kg2 Bxc3 34. Kxf3 Rxc4 35. Rd8+ Kg7 36. Rd7+ Kf6 37. Rxa7 Ba5 38. Rd7 Rc2 39. a4 Ra2 40. Rd4 Kg7 41. h4 Ra3+ 42. Ke4 Be1 43. Kf4 Bf2 44. Re4 Kf6 45. h5 Rd3 46. Kg4 Kg7 47. Re5 Re3 48. Rxe3 Bxe3 49. Kf5 Kf7 50. g4 Ke7 51. Nc3 Kd6 52. Ne4+ Kd5 53. g5 hxg5 54. Nxg5 Bd4 55. h6 Kc4 56. Nf7 Kd5 57. Kg6 Ke6 58. Nd8+ Kd7 59. Nf7 Ke6 60. Ng5+ Ke7 61. h7 Bc3 62. Nf7 Bd4 63. Nh6 Kf8 64. Ng8 Bh8 65. Nf6 b5 66. axb5 1-0